تقويم البرامج و المشروعات الاجتماعية / (رقم التسجيلة. 145573)

تفاصيل مارك
000 -الفاتح
عناصر البيانات ثابتة الطول 00667cam a2200181 i 4500
005 - تاريخ ووقت آخر معاملة
حقل ضبط 20260127114450.0
008 - عناصر البيانات ثابتة الطول
عناصر البيانات ثابتة الطول 250721s2023 jo gr 000 0 ara d
082 14 - رقم تصنيف ديوي العشري
رقم التصنيف 361.3
رقم المادة س ر و
100 1# - مدخل رئيسي – اسم شخصي
الاسم الشخصي السروجي، طلعت مصطفى
علاقة الشخص بالعمل/ دوره مؤلف.
245 10 - بيان العنوان
العنوان تقويم البرامج و المشروعات الاجتماعية /
بيان المسؤولية أ.د. طلعت مصطفى السروجي.
250 ## - بيان الطبعة
بيان الطبعة الطبعة الاولى.
264 31 - بيانات النشر، التوزيع…إلخ
مكان النشر، التوزيع...إلخ عمان :
اسم الناشر، الموزع...إلخ دار الفكر،
تاريخ النشر، التوزيع...إلخ 2023.
300 ## - الوصف المادي
عدد الوحدات المكونة للوعاء 277صفحة.
650 17 - مدخل إضافي بالموضوع - مصطلح موضوعي
مصطلح موضوعي أو اسم جغرافي كعنصر مدخل الخدمة الاجتماعية.
650 17 - مدخل إضافي بالموضوع - مصطلح موضوعي
مصطلح موضوعي أو اسم جغرافي كعنصر مدخل المشروعات الاجتماعية.
942 ## - بيانات إضافية (كوها)
نوع التنصيف Dewey Decimal Classification
نوع المادة (كوها) كتب
المقتنيات
حالة السحب حالة الفقدان مصدر التصنيف حالة التلف غير قابل للإعارة المكتبة الرئيسية المكتبة الحالية موقع الرف تاريخ التزويد الرقم المتسلسل Total Checkouts رقم الإستدعاء الباركود تاريخ آخر ظهور تاريخ الفاتورة نوع المادة (كوها)
    Dewey Decimal Classification     المكتبة المركزية المكتبة المركزية الإعارة 28/07/2025 1782749   361.3/سرو PLD00507335 28/07/2025 28/07/2025 كتب
    Dewey Decimal Classification     مكتبة حمزة العامة مكتبة حمزة العامة الإعارة 10/01/2024 1782750   361.3/سرو PLD00507664 28/07/2025 10/01/2024 كتب
Implemented & Customized by: BBB with SCIT (Smart Chains for Information Technology)

Powered by Koha